Spell the Marvel Character #185 - Statistics

General Stats
  • This quiz has been taken 16 times
  • The average score is 4 of 5
Answer Stats
Picture Answer % Correct
America Chavez
93%
Nova
87%
Aurora
80%
Naja
60%
Justice
47%
No matching quizzes found
Score Distribution
Percent of People with Each Score
Percentile by Number Answered
Your Score History
You have not taken this quiz